Statistics for Oblasts of Russia quiz

Click here to take the quiz!

General Stats

  • This quiz has been taken 3 times
  • The average score is 23 of 45

Answer Stats

Answer% Correct
Vladimir
100%
Arkhangelsk
67%
Astrakhan
67%
Bryansk
67%
Chelyabinsk
67%
Irkutsk
67%
Ivanovo
67%
Kaluga
67%
Kemerovo
67%
Kirov
67%
Kostroma
67%
Kursk
67%
Lipetsk
67%
Moscow
67%
Novosibirsk
67%
Omsk
67%
Oryol
67%
Penza
67%
Rostov
67%
Ryazan
67%
Samara
67%
Saratov
67%
Smolensk
67%
Tambov
67%
Tula
67%
Tver
67%
Volgograd
67%
Voronezh
67%
Yaroslavl
67%
Belgorod
33%
Amur
33%
Kaliningrad
33%
Kurgan
33%
Murmansk
33%
Orenburg
33%
Pskov
33%
Sakhalin
33%
Tomsk
33%
Tyumen
33%
Leningrad
0%
Magadan
0%
Nizhny Novogorod
0%
Novogorod
0%
Sverdlovsk
0%
Unlyanovsk
0%

Score Distribution

Percentile by Number Answered

Percent of People with Each Score

Your Score History

You have not taken this quiz